Scrambled “I” Words - Statistics

General Stats
  • This quiz has been taken 60 times
  • The average score is 22 of 30
Answer Stats
Hint Answer % Correct
iedxn index
100%
iyovr ivory
100%
oidti idiot
98%
giame image
92%
mlipy imply
92%
goilo igloo
90%
niyruj injury
90%
iagaun iguana
85%
ictnje inject
85%
uiiqryn inquiry
81%
liuxnf influx
79%
esnutqi inquest
79%
ikerd irked
77%
ydill idyll
75%
ymnfia infamy
75%
mntiuimy immunity
73%
aplami impala
73%
cgireeb iceberg
71%
iaolmrm immoral
71%
vrietn invert
71%
iynettdi identity
69%
numnaih inhuman
69%
ibmibe imbibe
67%
uyistdrn industry
63%
ievconi invoice
58%
eniescn incense
56%
nitnideg indigent
50%
rnnyftia infantry
46%
acimeph impeach
44%
maieilpr imperial
40%
No matching quizzes found
Score Distribution
Percent of People with Each Score
Percentile by Number Answered
Your Score History
You have not taken this quiz